| 000 | 00500nam a2200181Ia 4500 | ||
|---|---|---|---|
| 008 | 240925s9999 xx 000 0 und d | ||
| 020 | _a9789386070937 | ||
| 082 | _a519 AGA | ||
| 100 | _aAgarwal, B L | ||
| 245 | 0 | _aProgrammed Statistics: (questions-answers) | |
| 250 | _a3rd | ||
| 260 |
_aNew Delhi: _bNew Age International (Pvt) Limited _c,2017. |
||
| 300 |
_a961p. _b0 _fOriginal |
||
| 500 | _aIncludes Index | ||
| 600 | _aHumanities & Natural Science | ||
| 650 | _aMathematics | ||
| 942 | _cBK | ||
| 999 |
_c15272 _d15272 |
||